000 00305nam a22001337a 4500
005 20170816113758.0
008 170816b xxu||||| |||| 00| 0 eng d
040 _cPK-LaUMT
082 _aZIAC 297
_bISL-
245 _aIslam a brief guide/
260 _aKarachi:
_b[ ]
_c[' ]
300 _a[ ]
942 _cBK
999 _c97192
_d97192